[Event "Kiev Independence Cup 1st"]
[Site "Kiev"]
[Date "2001.08.20"]
[Round "?"]
[White "Shianovsky, Vladislav I"]
[Black "Oglobilia, Alexander"]
[Result "1/2-1/2"]
[WhiteElo "2314"]
[BlackElo "2233"]
[PlyCount "55"]
[EventDate "2001.08.??"]
[EventType "swiss"]
[EventRounds "11"]
[EventCountry "UKR"]
[SourceTitle "EXT 2003"]
[Source "ChessBase"]
[SourceDate "2002.11.25"]
[SourceVersion "1"]
[SourceVersionDate "2002.11.25"]
[SourceQuality "1"]

1. e4 g6 2. d4 Bg7 3. Nf3 d6 4. Be2 Nd7 5. 0-0 e6 6. Bg5 Ne7 7. Nc3 h6 8. Be3 b6 9. Qd2 Bb7 10. a4 Nf6 11. Qd3 0-0 12. a5 Ng4 13. a6 Bc6 14. Bc1 Rb8 15. Nb5 Ba8 16. c4 f5 17. Nd2 Nf6 18. e5 Ne8 19. exd6 Nxd6 20. Nc3 Nc6 21. Nb3 Qf6 22. c5 Nb4 23. Qh3 Nf7 24. cxb6 cxb6 25. Bf4 Rbd8 26. Bf3 g5 27. Bxa8 Rxa8 28. Bd2 1/2-1/2

[Event "Kiev Independence Cup 1st"]
[Site "Kiev"]
[Date "2001.08.18"]
[Round "?"]
[White "Sidorchuk, Dmitry"]
[Black "Oglobilia, Alexander"]
[Result "0-1"]
[WhiteElo "2247"]
[BlackElo "2233"]
[PlyCount "98"]
[EventDate "2001.08.??"]
[EventType "swiss"]
[EventRounds "11"]
[EventCountry "UKR"]
[SourceTitle "EXT 2003"]
[Source "ChessBase"]
[SourceDate "2002.11.25"]
[SourceVersion "1"]
[SourceVersionDate "2002.11.25"]
[SourceQuality "1"]

1. d4 g6 2. Nf3 Bg7 3. c4 d6 4. Nc3 Nd7 5. e4 e6 6. Bg5 Ne7 7. Qd2 h6 8. Be3 b6 9. Be2 Bb7 10. h3 f5 11. exf5 Nxf5 12. 0-0 0-0 13. Rad1 Kh7 14. Qc2 Nf6 15. Bc1 Qd7 16. d5 e5 17. Rfe1 Qf7 18. Bd3 Bc8 19. Ne4 Nxe4 20. Bxe4 a5 21. b3 Bd7 22. a3 Ne7 23. g4 Be8 24. Qe2 Kh8 25. Kg2 Ng8 26. Bb1 Nf6 27. Nh4 e4 28. f4 a4 29. b4 b5 30. Bxe4 Nxe4 31. Qxe4 bxc4 32. f5 Qf6 33. Kg3 gxf5 34. Nxf5 Bd7 35. Rf1 Qg6 36. Kh2 Rae8 37. Qg2 Bxf5 38. gxf5 Qxg2+ 39. Kxg2 Re2+ 40. Kf3 Rh2 41. Kg4 Rg8 42. Bf4 Be5+ 43. Kf3 Rxh3+ 44. Ke4 Rg4 45. f6 Rhh4 46. Kf5 Rxf4+ 47. Ke6 Bxf6 48. Kd7 Bb2 49. Kxc7 Bxa3 0-1

[Event "Kiev Independence Cup 1st"]
[Site "Kiev"]
[Date "2001.08.17"]
[Round "?"]
[White "Oglobilia, Alexander"]
[Black "Demkovich, Anatoliy"]
[Result "1/2-1/2"]
[WhiteElo "2233"]
[BlackElo "2425"]
[PlyCount "113"]
[EventDate "2001.08.??"]
[EventType "swiss"]
[EventRounds "11"]
[EventCountry "UKR"]
[SourceTitle "EXT 2003"]
[Source "ChessBase"]
[SourceDate "2002.11.25"]
[SourceVersion "1"]
[SourceVersionDate "2002.11.25"]
[SourceQuality "1"]

1. Nf3 Nf6 2. c4 c5 3. g3 g6 4. Bg2 Bg7 5. 0-0 0-0 6. Nc3 Nc6 7. d3 d6 8. Bg5 Rb8 9. Rb1 a6 10. Ne1 Nd4 11. e3 Ne6 12. Bxf6 Bxf6 13. Nd5 Bg7 14. b4 b5 15. cxb5 axb5 16. Nc2 Nc7 17. Nf4 e6 18. bxc5 dxc5 19. d4 e5 20. Ne2 exd4 21. exd4 Bf5 22. Rc1 c4 23. Nb4 Qd6 24. Qd2 Rbc8 25. a3 Rfe8 26. Bc6 Bd7 27. Bb7 Rb8 28. Bf3 Qf6 29. Qc3 Ne6 30. Nd5 Qd8 31. Ne3 Ng5 32. Bg2 Bh3 33. Bc6 Bxf1 34. Kxf1 Re6 35. Bg2 Ne4 36. Qc2 Nxf2 37. Kxf2 Bxd4 38. Nxd4 Qxd4 39. Qc3 Qc5 40. Bh3 Re7 41. Kf3 Rbe8 42. Ng4 Qc6+ 43. Kf2 Re2+ 44. Kg1 Qc5+ 45. Kh1 Qd5+ 46. Kg1 Qc5+ 47. Kh1 R8e3 48. Nxe3 Rxe3 49. Qf6 Rxa3 50. Bg2 Re3 51. Rd1 Re8 52. h4 Qe5 53. Qc6 c3 54. Rd5 Qe1+ 55. Kh2 b4 56. Rb5 h5 57. Rxb4 1/2-1/2

[Event "Kiev Independence Cup 1st"]
[Site "Kiev"]
[Date "2001.08.15"]
[Round "?"]
[White "Oglobilia, Alexander"]
[Black "Burakovsky, Marat"]
[Result "1-0"]
[WhiteElo "2233"]
[BlackElo "2056"]
[PlyCount "68"]
[EventDate "2001.08.??"]
[EventType "swiss"]
[EventRounds "11"]
[EventCountry "UKR"]
[SourceTitle "EXT 2003"]
[Source "ChessBase"]
[SourceDate "2002.11.25"]
[SourceVersion "1"]
[SourceVersionDate "2002.11.25"]
[SourceQuality "1"]

1. c4 e6 2. g3 Nf6 3. Bg2 c6 4. Nf3 d5 5. b3 Be7 6. 0-0 Nbd7 7. Bb2 0-0 8. d4 b6 9. Nc3 Bb7 10. Nd2 Rc8 11. e4 Qc7 12. e5 Ne8 13. cxd5 exd5 14. f4 Qb8 15. Qg4 Rd8 16. Qe2 Qa8 17. Nf3 Nc7 18. Rfd1 c5 19. Nb5 Ba6 20. a4 Qb8 21. Bf1 Ne8 22. Qg2 Bb7 23. Bd3 f5 24. h4 g6 25. h5 Ng7 26. hxg6 hxg6 27. g4 a6 28. Na3 Kf7 29. gxf5 gxf5 30. Kf2 Rh8 31. Rg1 Rdg8 32. Qg6+ Kf8 33. e6 Nxe6 34. Qxe6 Nf6 1-0

[Event "Kiev-ch"]
[Site "Kiev"]
[Date "2000.??.??"]
[Round "?"]
[White "Oglobilia, Alexander"]
[Black "Malienko, Alexander"]
[Result "1-0"]
[WhiteElo "2251"]
[BlackElo "2227"]
[PlyCount "111"]
[EventDate "2000.??.??"]
[EventType "swiss"]
[EventRounds "11"]
[EventCountry "UKR"]
[SourceTitle "EXT 2001"]
[Source "ChessBase"]
[SourceDate "2000.11.22"]
[SourceVersion "1"]
[SourceVersionDate "2000.11.22"]
[SourceQuality "1"]

1. c4 e5 2. Nc3 Nf6 3. g3 Bc5 4. Bg2 d6 5. d3 Nc6 6. Nf3 0-0 7. 0-0 h6 8. Na4 Bb6 9. Nxb6 axb6 10. d4 e4 11. Nd2 Bf5 12. e3 Qd7 13. Re1 Nb4 14. a3 Rfe8 15. Nb3 Nd3 16. Rf1 Qa4 17. Nd2 Qxd1 18. Rxd1 Bg4 19. f3 exf3 20. Nxf3 Nxc1 21. Raxc1 Rxe3 22. Rf1 Re2 23. Rf2 Rae8 24. Kf1 R2e3 25. Ng1 Ne4 26. Rf4 Nd2+ 27. Kf2 Bc8 28. Bd5 R3e7 29. c5 dxc5 30. dxc5 c6 31. Rd4 cxd5 32. Rxd2 Rd8 33. Ne2 Be6 34. cxb6 Rd6 35. Rc7 Rxc7 36. bxc7 Rc6 37. Nf4 Rxc7 38. Ke3 Rd7 39. Kd4 g5 40. Nh5 Rd8 41. Ke5 Rc8 42. h4 g4 43. Nf4 Re8 44. Kf6 Bd7 45. Rxd5 Bc6 46. Rd4 Be4 47. Rd7 Rc8 48. Rxf7 Rc6+ 49. Ne6 Bd5 50. Rg7+ Kh8 51. Re7 Rb6 52. b4 Ra6 53. b5 Ra8 54. Nf4 Rf8+ 55. Kg6 Bc4 56. Kxh6 1-0

[Event "Kiev Independence Cup op"]
[Site "Kiev"]
[Date "1999.??.??"]
[Round "?"]
[White "Kosikov, Alexey I"]
[Black "Oglobilia, Alexander"]
[Result "1-0"]
[WhiteElo "2476"]
[BlackElo "2259"]
[PlyCount "99"]
[EventDate "1999.??.??"]
[EventType "swiss"]
[EventRounds "11"]
[EventCountry "UKR"]
[SourceTitle "EXT 2002"]
[Source "ChessBase"]
[SourceDate "2001.11.25"]
[SourceVersion "1"]
[SourceVersionDate "2001.11.25"]
[SourceQuality "1"]

1. e4 c6 2. d4 d5 3. Nd2 dxe4 4. Nxe4 Nd7 5. Nf3 Ndf6 6. Nxf6+ Nxf6 7. Ne5 Be6 8. Be2 g6 9. 0-0 Bg7 10. c3 0-0 11. Re1 Ne4 12. Nd3 Bd5 13. Bf1 b5 14. a4 e6 15. axb5 cxb5 16. Nb4 a5 17. Nxd5 Qxd5 18. g3 Qf5 19. Qe2 Nd6 20. Bg2 Ra6 21. h4 h5 22. Bf4 a4 23. Bxd6 Rxd6 24. Be4 Qg4 25. Qxb5 f5 26. Bg2 f4 27. Re4 Rd5 28. Qc6 Rdf5 29. Qxe6+ Kh7 30. Rae1 g5 31. hxg5 Qxg5 32. Rxf4 Rxf4 33. gxf4 Rxf4 34. Qe7 Rf6 35. Qe3 Rf4 36. Qd3+ Kh6 37. Kf1 Rg4 38. Re6+ Bf6 39. Qe3 Rf4 40. Bc6 Kg7 41. Bxa4 Qf5 42. Bc2 Rxf2+ 43. Qxf2 Qxe6 44. Qf5 Qe8 45. Qh7+ Kf8 46. Qh6+ Bg7 47. Qf4+ Kg8 48. Bb3+ Kh8 49. Qf7 Qb5+ 50. Bc4 1-0

[Event "Kiev-ch"]
[Site "Kiev"]
[Date "1999.??.??"]
[Round "6"]
[White "Kosikov, Alexey I"]
[Black "Oglobilia, Alexander"]
[Result "1-0"]
[WhiteElo "2476"]
[BlackElo "2259"]
[PlyCount "35"]
[EventDate "1999.02.??"]
[EventType "swiss"]
[EventRounds "11"]
[EventCountry "UKR"]
[SourceTitle "EXT 2000"]
[Source "ChessBase"]
[SourceDate "1999.11.16"]
[SourceVersion "1"]
[SourceVersionDate "1999.11.16"]
[SourceQuality "1"]

1. e4 Nf6 2. Nc3 d6 3. d4 c6 4. f3 g6 5. Be3 Bg7 6. Qd2 Qa5 7. h4 h5 8. Bc4 b5 9. Bb3 Nbd7 10. Nge2 Bb7 11. 0-0 b4 12. Na4 Nb6 13. a3 Qb5 14. Nxb6 axb6 15. axb4 d5 16. Rxa8+ Bxa8 17. e5 Nd7 18. Ra1 1-0

[Event "Kiev-ch"]
[Site "Kiev"]
[Date "1999.??.??"]
[Round "7"]
[White "Oglobilia, Alexander"]
[Black "Chistiakov, Anatolij"]
[Result "1-0"]
[WhiteElo "2259"]
[BlackElo "2005"]
[PlyCount "55"]
[EventDate "1999.02.??"]
[EventType "swiss"]
[EventRounds "11"]
[EventCountry "UKR"]
[SourceTitle "EXT 2000"]
[Source "ChessBase"]
[SourceDate "1999.11.16"]
[SourceVersion "1"]
[SourceVersionDate "1999.11.16"]
[SourceQuality "1"]

1. c4 e5 2. Nc3 Nc6 3. Nf3 a5 4. d4 exd4 5. Nxd4 Nxd4 6. Qxd4 Nf6 7. e4 d6 8. Bg5 Be7 9. Be2 0-0 10. Rd1 Qe8 11. Bf4 Be6 12. 0-0 Nd7 13. Bg3 Bf6 14. Qe3 Nb6 15. b3 a4 16. Nb5 Qc6 17. e5 dxe5 18. Bf3 Nxc4 19. bxc4 Qxc4 20. Be2 Qxa2 21. Nxc7 Ra5 22. Qb6 Raa8 23. Nxa8 Rxa8 24. Qxb7 Rf8 25. Qa6 Bb3 26. Rc1 g6 27. Qxf6 Qxe2 28. Bxe5 1-0

[Event "Kiev Independence Cup op"]
[Site "Kiev"]
[Date "1999.??.??"]
[Round "?"]
[White "Vinitsky, Igor"]
[Black "Oglobilia, Alexander"]
[Result "1-0"]
[WhiteElo "2222"]
[BlackElo "2259"]
[PlyCount "174"]
[EventDate "1999.??.??"]
[EventType "swiss"]
[EventRounds "11"]
[EventCountry "UKR"]
[SourceTitle "EXT 2002"]
[Source "ChessBase"]
[SourceDate "2001.11.25"]
[SourceVersion "1"]
[SourceVersionDate "2001.11.25"]
[SourceQuality "1"]

1. d4 Nf6 2. Nc3 d5 3. Bg5 Nbd7 4. Nf3 g6 5. e3 Bg7 6. Be2 0-0 7. h3 b6 8. 0-0 Bb7 9. b4 Ne8 10. Rb1 Nd6 11. a4 Nf6 12. Nd2 Qc8 13. Bf4 Re8 14. Be5 Nfe4 15. Ncxe4 Nxe4 16. Nxe4 Bxe5 17. Nd2 Bg7 18. f4 Qe6 19. Rf3 Qd7 20. c3 Rec8 21. Qb3 Rab8 22. Rff1 c5 23. bxc5 bxc5 24. Nf3 Qc7 25. Qa3 e6 26. Ne5 Bf8 27. Qa1 f6 28. Nf3 Bc6 29. a5 Rxb1 30. Rxb1 Rb8 31. Rxb8 Qxb8 32. dxc5 Bxc5 33. Nd4 Bd7 34. Kf2 e5 35. fxe5 fxe5 36. Qa2 Qd6 37. Nb3 Ba3 38. Qd2 Qf6+ 39. Kg1 Be6 40. Qd3 Bf7 41. Qb5 Kg7 42. Qb7 Qe7 43. a6 Kf6 44. Bf3 e4 45. Be2 Bd6 46. Qxe7+ Kxe7 47. Kf2 Kd7 48. Nd4 Be5 49. Ke1 Kc7 50. Kd2 Kb6 51. Kc2 Bxd4 52. cxd4 Ka5 53. Kc3 Be6 54. h4 h6 55. g3 Bc8 56. Bf1 Bg4 57. Kb3 Bc8 58. Ka3 Bxa6 59. Bh3 Bc4 60. Bd7 g5 61. Be8 Bb5 62. Bf7 Bc6 63. Bh5 Kb6 64. Bg4 Bb5 65. Be6 Kc6 66. Kb4 Bc4 67. Ka5 Kd6 68. Bg4 Bd3 69. Bd1 Ke6 70. Ba4 gxh4 71. gxh4 Kd6 72. Be8 Ke7 73. Bg6 Be2 74. Bf5 Kd6 75. Bg6 Bd3 76. Be8 Ke7 77. Bh5 Kf6 78. Kb4 a5+ 79. Kxa5 Ke6 80. Kb6 Kd6 81. Be8 Bf1 82. Bb5 Bh3 83. Be2 Bd7 84. Bb5 Be6 85. Kb7 Bf5 86. Ba6 Bg6 87. Kc8 Be8 1-0

[Event "Kiev-ch"]
[Site "Kiev"]
[Date "1999.??.??"]
[Round "5"]
[White "Zakharchenko, Arnold"]
[Black "Oglobilia, Alexander"]
[Result "1/2-1/2"]
[WhiteElo "2309"]
[BlackElo "2259"]
[PlyCount "80"]
[EventDate "1999.02.??"]
[EventType "swiss"]
[EventRounds "11"]
[EventCountry "UKR"]
[SourceTitle "EXT 2000"]
[Source "ChessBase"]
[SourceDate "1999.11.16"]
[SourceVersion "1"]
[SourceVersionDate "1999.11.16"]
[SourceQuality "1"]

1. e4 Nf6 2. e5 Nd5 3. d4 d6 4. c4 Nb6 5. f4 dxe5 6. fxe5 Nc6 7. Be3 Bf5 8. Nc3 e6 9. Nf3 Bg4 10. Qd2 Qd7 11. 0-0-0 0-0-0 12. h3 Bxf3 13. gxf3 Ne7 14. Bg5 h6 15. Bh4 g5 16. Bf2 Nf5 17. c5 Nd5 18. Bb5 c6 19. Bd3 h5 20. Ne4 h4 21. Kb1 Bh6 22. Nd6+ Kb8 23. Bxf5 exf5 24. Qc2 Qe6 25. a3 f4 26. Rde1 Bf8 27. Re4 Qd7 28. Qd1 a6 29. Qg1 Bxd6 30. cxd6 Qf5 31. Ka1 Qg6 32. Qg2 Rhg8 33. Rhe1 f5 34. R4e2 Qe6 35. Rc2 Rg6 36. Qf1 Rh8 37. Qd3 Rh7 38. Rd1 Kc8 39. Rcd2 Kd7 40. Qf1 Kc8 1/2-1/2

[Event "Kiev-ch"]
[Site "Kiev"]
[Date "1998.??.??"]
[Round "2"]
[White "Oglobilia, Alexander"]
[Black "Semenov, Dmitri"]
[Result "0-1"]
[WhiteElo "2265"]
[BlackElo "2170"]
[PlyCount "96"]
[EventDate "1998.??.??"]
[EventType "swiss"]
[EventRounds "11"]
[EventCountry "UKR"]
[SourceTitle "EXT 2000"]
[Source "ChessBase"]
[SourceDate "1999.11.16"]
[SourceVersion "1"]
[SourceVersionDate "1999.11.16"]
[SourceQuality "1"]

1. c4 g6 2. Nc3 Bg7 3. d4 Nf6 4. e4 d6 5. Bd3 e5 6. Nge2 Nc6 7. d5 Ne7 8. 0-0 0-0 9. b4 Nd7 10. a4 a5 11. bxa5 Rxa5 12. Ba3 f5 13. Nc1 Ra8 14. Bb4 f4 15. Be2 b6 16. Nb3 g5 17. a5 Nc5 18. f3 h5 19. Ra3 Bd7 20. Nb5 Rf6 21. Nxc7 Qxc7 22. axb6 Qc8 23. Rxa8 Qxa8 24. Nxc5 dxc5 25. Bxc5 Nc8 26. Qb3 Qb7 27. Rb1 g4 28. Kh1 gxf3 29. Bxf3 Bg4 30. Bf2 Kh7 31. c5 Ne7 32. Bh4 Rf8 33. Bxe7 Qxe7 34. b7 Rb8 35. Bxg4 hxg4 36. d6 Qd7 37. Qb6 Qa4 38. Qb4 Qc2 39. d7 f3 40. gxf3 gxf3 41. Rg1 f2 42. Rf1 Qe2 43. Kg2 Rf8 44. h3 Qf3+ 45. Kh2 Qf4+ 46. Kg2 Qg5+ 47. Kh2 Rf3 48. d8Q Qg3+ 0-1